00651 2200217 4500001002100000005001500021035002000036007000300056008004100059020002200100082000800122084001400130100002700144245011700171250001100288260003500299300003400334650002500368504003100393990000900424INLIS00000000000149420180208022236 a0010-0218000089ta180208 g 0 ind  a978-602-73013-8-2 a375 a375 MUH p0 aMUHAMMAD, Fathurrohman1 aParadigma pembelajaran Kurikulum 2013 :bStrategi Alternatif Pembelajaran di Era Global /cMuhammad Fathurrohman acet. 1 aYogyakarta :bKalimedia,c2015 avii;525 Hlm ;c14,5 x 20,5 cm aPENDIDIKAN KURIKULUM aBibliografi; Hlm 503 - 524 a5469